00440 2200181 4500001002100000005001500021035002000036008004100056245004400097100002100141250000600162260003100168300001100199084001400210082000800224650001400232990001200246INLIS00000000000017720240502022712 a0010-0424000153240502 0 ind 1 aKenap Harus Bohong ? /cYuniar Khairani aKhairani, Yuniar a1 aSolo :bTiga Ananda,c2014 a64 hlm a300 YUN k a300 4aNon Fiksi a0732478